MARKET RESEARCH TO STUDY THE PURCHASE BE (Record no. 35366)
[ view plain ]
| 000 -LEADER | |
|---|---|
| fixed length control field | 00240nam a2200097Ia 4500 |
| 008 - FIXED-LENGTH DATA ELEMENTS--GENERAL INFORMATION | |
| fixed length control field | 240625s9999 xx 000 0 und d |
| 041 ## - LANGUAGE CODE | |
| Language code of text/sound track or separate title | eng |
| 082 ## - DEWEY DECIMAL CLASSIFICATION NUMBER | |
| Classification number | 808.20 DAS |
| 100 ## - MAIN ENTRY--PERSONAL NAME | |
| Personal name | DAS SUBRATA |
| 245 ## - TITLE STATEMENT | |
| Title | MARKET RESEARCH TO STUDY THE PURCHASE BE |
| Withdrawn status | Lost status | Damaged status | Not for loan | Home library | Current library | Shelving location | Date acquired | Barcode | Date last seen | Price effective from | Koha item type |
|---|---|---|---|---|---|---|---|---|---|---|---|
| IMTN | IMTN | Rack 38-A | 06/12/2007 | SP106 | 06/25/2024 | 06/25/2024 | Sp |